Súčasný manažment vybraného podniku bakalárska práca

Na minha lista:
Detalhes bibliográficos
Autor principal: Ostrčilová, Lenka
Autor Corporativo: Fakulta podnikového manažmentu EU. Katedra manažmentu
Outros Autores: Mišíková, Natália, 1999-
Formato: Livro
Idioma:eslovaco
Publicado em: Bratislava 2025
Tags: Adicionar Tag
Sem tags, seja o primeiro a adicionar uma tag!

MARC

LEADER 00000nbm a2200000 4500
001 0309837
005 20260323130939.1
041 0 |a slo 
044 |a SK 
245 1 0 |a Súčasný manažment vybraného podniku  |b bakalárska práca  |c Lenka Ostrčilová ; školiteľ: Natália Mišíková 
264 1 |a Bratislava  |c 2025 
300 |a 56 s. 
100 1 |a Ostrčilová, Lenka 
700 1 |a Mišíková, Natália, 1999- 
710 2 |a Fakulta podnikového manažmentu EU. Katedra manažmentu